01030 2200313 4500001002100000005001500021035002000036007000300056008004100059020002200100082001400122084001600136100003800152245015000190250003500340300004400375650002500419700003100444700003500475264003200510336002100542337003000563338002300593040002200616090002200638850001200660999002200672990002200694INLIS00000000088519820240322080843 a0010-0324000628ta240322s2023 yoia g | ind d a978-623-02-7860-004223a630.7 a630.7 IDE p3 aI Dewa Putu Oka SuardiePengarang10aPenyuluhan pertanian :bfasilitasi SDM pertanian adaptif smart farming /cI Dewa Putu Oka Suardi, Nyoman Parining; penyunting, Dwi Putra Darmawan aCetakan Pertama: Desember 2023 ax, 56 halaman :btabel, gambar ;c23 cm 4aPenyuluhan pertanian3 aNyoman PariningePengarang0 aDwi Putra DarmawanePenyunting31aSleman :bDeepublish,c2023 2rdacontentateks 2rdamediaatanpa perantara 2rdacarrieravolume aYOPDYOGbinderda aCB-D.11 2023-4309 aYOPDYOG aCB-D.11/2023-4309 aCB-D.11/2023-4309